000 00540nam a2200181Ia 4500
003 GCL
008 140319s9999 xx 000 0 ara d
040 _aGCL /
_cGCL
082 0 4 _aق
_b932
_bم ت
100 1 _aمحمد عبدالباسط الحجاجى
245 1 0 _aتوت عنخ امون : بحث وتحليل /
_cمحمد عبدالباسط الحجاجى
300 _a127 ص
490 _a
650 0 4 _aالحضارة الفرعونية
650 0 4 _aتوت عنخ امون
650 0 4 _aالمومياءات
942 _2ddc
_cBK
999 _c45446
_d45446